000 00463nam a2200181 i 4500
001 bg
245 0 _aMały słownik techniczny angielsko-polski i polsko-angielski.
250 _aWyd.3 popr. i uzup.
260 _aWarszawa,
_c1970.
650 9 _aTechnika
650 9 _aSłownik angielsko-polski
650 9 _aSłownik polsko-angielski
655 _aSłowniki
040 _cBPK
041 _apol
942 _cKS
008 s pl f |000 0 pol
999 _c9687
_d9687
856 _uhttp://koha.tu.koszalin.pl/cgi-bin/koha/opac-detail.pl?biblionumber=9687
_yKatalog online BPK